| 000 | 01582cab a2200193 4500 | ||
|---|---|---|---|
| 001 | ABS37843 | ||
| 008 | 090401t1987 xxu||||| |||| 00| 0 eng d | ||
| 035 | _a(Sirsi) u7085 | ||
| 041 | _aeng | ||
| 245 | _aR v Agricultural Dwelling-House Advisory Committee for Bedfordshire, Cambridgeshire and Northamptonshire, ex parte Brough | ||
| 260 | _c1987 | ||
| 350 | _a0 | ||
| 490 |
_aEstates Gazette _v282(6339) 20 June 1987, 1542-1546(3) |
||
| 520 | _aQBD 19 November 1986. Application for judicial review, challenging the proceedings of an agricultural dwelling-house committee established under Rent (Agriculture) Act 1976 s29 , which turned down an application for vacant possession of a cottage occupied by the respondent. The applicant was the owner of forestry land and the respondent had been in his employ as a forester and occupied a cottage in that capacity. He had been (unfairly) dismissed and given notice to quit , becoming a statutory tenant under the 1976 Act. The applicant had sought possession of the cottage for his replacement. However, there were irregularities during the proceedings, each party being heard in the absence of the other and the respondent had made allegations of bad faith against the applicant which the latter had no opportunity to refute. In addition, the Committee`s report failed to state adequately why they rejected the application, although required to give reasons under s28(6) of the 1976 Act. Held, a | ||
| 650 | _aTIED COTTAGES | ||
| 690 | _aLANDLORD AND TENANT-CASE LAW-AGRICULTURAL TENANCIES | ||
| 942 | _n0 | ||
| 948 | _c04/03/1997 | ||
| 999 |
_c4228 _d4228 |
||